[Event "45th Olympiad Budapest 2024"]
[Site "Budapest"]
[Date "2024.09.19"]
[Round "8"]
[Board "4"]
[White "Vokhidov, Shamsiddin"]
[Black "Ivic, Velimir"]
[Result "1/2-1/2"]
[WhiteElo "2650"]
[BlackElo "2599"]
[PlyCount "81"]
[EventDate "2024.09.11"]
[EventType "team-tourn"]
[EventRounds "11"]
[EventCountry "HUN"]
[WhiteTeam "Uzbekistan"]
[BlackTeam "Serbia"]
[WhiteTeamCountry "UZB"]
[BlackTeamCountry "SRB"]

1. e4 c5 2. Nf3 d6 3. d4 cxd4 4. Nxd4 Nf6 5. Nc3 a6 6. Bd3 e5 7. Nde2 Be7 8. O-O Be6 9. f4 exf4 10. Nxf4 Nc6 11. Be3 Ne5 12. a4 O-O 13. Bd4 ({RR} 13. a5 Rc8 14. Bd4 Nfd7 15. Ncd5 Bg5 16. h3 Re8 17. Ra3 Bh6 18. Kh1 Qh4 19. Bf2 Qd8 20. Bd4 Qh4 21. Bf2 Qd8 22. Qe2 Ng6 23. Bg3 Bxf4 24. Nxf4 Nxf4 25. Bxf4 Ne5 26. Qd2 Qf6 27. Rf2 h6 {1-0 Puranik,A (2634)-Gupta,A (2587) 2nd Dole Open 2024 (8.3)}) 13... Nfd7 14. Ncd5 Bg5 15. a5 Nc5 $146 ({RR} 15... Rc8 16. Kh1 Nc5 17. h3 Re8 18. b4 Ncxd3 19. cxd3 Bxf4 20. Nxf4 Qd7 21. Qd2 f6 22. Rae1 Bf7 23. Re3 Qa4 24. Ra1 Qb3 25. Qe1 Rc2 26. Rg3 Rec8 27. Kh2 Kf8 28. Rb1 Qa2 29. b5 g5 30. Bxe5 {½-½ Moussard,J (2684)-Gasic Merino,F (2195) 9th Sunway Sitges 2022 (1.5)}) 16. h3 Rc8 17. b4 Ncxd3 18. cxd3 Bxf4 19. Nxf4 Qd7 20. Rb1 f5 21. b5 fxe4 22. bxa6 bxa6 23. dxe4 Nc6 24. Bc3 Bc4 25. Rf3 Rf7 26. Nh5 Rxf3 27. Qxf3 Ne5 28. Qg3 Qf7 29. Bxe5 dxe5 30. Qxe5 Re8 31. Qd4 Ba2 32. Rb2 Qxh5 33. Rxa2 Qe5 34. Qxe5 Rxe5 35. Ra4 Kf7 36. Kf2 Ke6 37. Ke3 Rb5 38. Kf4 Kf6 39. h4 h5 40. g3 g6 41. Ra3 1/2-1/2

[Event "45th Olympiad Budapest 2024"]
[Site "Budapest"]
[Date "2024.09.19"]
[Round "8"]
[Board "1"]
[White "Caruana, Fabiano"]
[Black "Vachier-Lagrave, Maxime"]
[Result "1/2-1/2"]
[WhiteElo "2798"]
[BlackElo "2731"]
[PlyCount "90"]
[EventDate "2024.09.11"]
[EventType "team-tourn"]
[EventRounds "11"]
[EventCountry "HUN"]
[WhiteTeam "United States of America"]
[BlackTeam "France"]
[BlackTeamCountry "FRA"]

1. e4 c5 2. Nf3 d6 3. Bb5+ Bd7 4. Bxd7+ Qxd7 5. O-O Nc6 6. Re1 Nf6 7. c3 e6 8. d4 cxd4 9. cxd4 d5 10. e5 Ne4 11. a3 Be7 12. Nbd2 Nxd2 13. Bxd2 O-O 14. Rc1 Rfc8 15. h4 ({RR} 15. Qe2 Rc7 16. h4 Rac8 17. h5 h6 {½-½ Hamdouchi,H (2588)-Fressinet,L (2654) Belfort Masters 6th 2003 (10)}) 15... Bd8 $146 ({RR} 15... b5 16. h5 h6 17. Rc3 b4 18. Rd3 a5 19. Nh2 Rc7 20. Ree3 Bg5 21. Rg3 Bxd2 22. Qxd2 Ne7 23. Qxh6 Nf5 24. Rxg7+ Nxg7 25. Rg3 f5 26. exf6 Raa7 27. Rxg7+ Qxg7 28. fxg7 Rxg7 29. Qxe6+ Kh7 30. Qxd5 {1-0 Silva,L (2215)-Swara Lakshmi S Nair (2018) Titled Tue 20th Aug Early 2024 (3)}) ({RR} 15... Qd8 16. h5 h6 17. Rc3 Kh8 18. Rd3 Qg8 19. Nh2 Bd8 20. Qg4 Bb6 21. Bc3 Ne7 22. Qh3 Qh7 23. g4 Rc4 24. Ree3 a5 25. Nf3 a4 26. Nd2 Rc7 27. Rf3 Nc6 28. Nf1 Ba5 29. Rg3 Bxc3 30. bxc3 {1-0 Fiol,F (2271)-Mesa Cruz,J (2159) Titled Tue 22nd Nov Late 2022 (3)}) ({RR} 15... a5 16. Qb3 a4 17. Qd3 f5 18. exf6 Bxf6 19. g4 Rf8 20. g5 Bd8 21. Re2 Rxf3 22. Qxf3 Nxd4 23. Qd3 Nxe2+ 24. Qxe2 Bb6 25. Kg2 Rf8 26. f3 Bd4 27. Re1 e5 28. h5 e4 29. f4 Qf5 30. Kg3 {0-1 Bernhard,J (1769)-Wahlbom,M (2229) Reykjavik op 2016 (1)}) 16. h5 h6 17. Rc3 Ne7 18. Rd3 Qc6 19. g4 Qc2 20. Qxc2 Rxc2 21. Bc3 Nc6 22. Red1 Bg5 23. Ne1 Rc1 24. Rxc1 Bxc1 25. Rd1 Bg5 26. Nd3 Bd8 27. Nc5 b6 28. Nd3 b5 29. Nb4 Na5 30. Na6 Nb3 31. Nc5 Nxc5 32. dxc5 Kf8 33. b4 Ke8 34. a4 bxa4 35. Ra1 Kd7 36. Rxa4 Kc6 37. Ra6+ Kb5 38. Rd6 a5 39. bxa5 Bxa5 40. Bxa5 Rxa5 41. Rd7 Kxc5 42. Rxf7 d4 43. Rxg7 d3 44. Rd7 Kc4 45. f4 Rd5 1/2-1/2

[Event "45th Olympiad Budapest 2024"]
[Site "Budapest"]
[Date "2024.09.19"]
[Round "8"]
[Board "2"]
[White "Bacrot, Etienne"]
[Black "So, Wesley"]
[Result "1/2-1/2"]
[WhiteElo "2665"]
[BlackElo "2752"]
[PlyCount "130"]
[EventDate "2024.09.11"]
[EventType "team-tourn"]
[EventRounds "11"]
[EventCountry "HUN"]
[WhiteTeam "France"]
[BlackTeam "United States of America"]
[WhiteTeamCountry "FRA"]

1. e4 e5 2. Nf3 Nc6 3. Bb5 Nf6 4. O-O Nxe4 5. Re1 Nd6 6. Nxe5 Be7 7. Bf1 Nxe5 8. Rxe5 O-O 9. d4 Bf6 10. Re1 Re8 11. Bf4 Rxe1 12. Qxe1 Ne8 13. c3 d5 14. Bd3 g6 15. Nd2 Ng7 16. Nf3 Bf5 17. Bxf5 Nxf5 18. Qd2 ({RR} 18. Qe2 c6 19. Re1 Ng7 20. Be5 Ne6 21. Bxf6 Qxf6 22. Ne5 Re8 23. Ng4 Qd8 24. Qe5 Ng7 25. Qxe8+ Nxe8 26. Rxe8+ Qxe8 27. Nf6+ Kf8 28. Nxe8 Kxe8 29. f4 f5 30. b4 b5 31. Kf2 Kf7 32. Kf3 Kf6 {½-½ Carlsen,M (2863)-Ding,L (2791) Carlsen Tour Final rapid 2020 (1.14)}) 18... c6 ({RR} 18... Qd7 19. Re1 Ng7 20. Be5 Bxe5 21. Nxe5 Qd6 22. Nd3 Re8 23. Rxe8+ Nxe8 24. Qe3 Ng7 25. g3 Qe6 26. Qxe6 Nxe6 27. f3 f6 28. Kf2 Kf7 29. Ke3 Ke7 30. Nf4 Nxf4 31. Kxf4 {½-½ Wang Yue (2652)-Bu Xiangzhi (2689) TCh-CHN DivA Standard 2024 (6.1)}) 19. Re1 Ng7 20. Be5 $146 ({RR} 20. g3 Ne6 21. h4 h5 22. Ng5 Bxg5 23. Bxg5 Nxg5 24. hxg5 Qd7 25. Qe3 Rd8 26. Qe7 Kh7 27. f4 Kg8 28. Kg2 a6 29. b3 a5 30. Qxd7 Rxd7 31. Re8+ Kg7 32. Ra8 Re7 33. Kf2 b6 34. a4 f6 {1-0 Farokhi,K (1970)-Noeldner,J (2058) DSOL 04 Liga Gr-D 1st rapid 2020 (3.1)}) 20... Bxe5 21. Nxe5 f6 22. Nd3 Qc7 23. Qf4 Qxf4 24. Nxf4 g5 25. Nd3 Kf7 26. f3 Ne6 27. Kf2 a5 28. h4 Nf4 29. Nxf4 gxf4 30. g3 fxg3+ 31. Kxg3 Rg8+ 32. Kf2 a4 33. Re2 b6 34. b3 axb3 35. axb3 Ra8 36. Kg3 Ra3 37. Rb2 Ra1 38. Re2 Rc1 39. Re3 h5 40. b4 b5 41. Kf4 Kg6 42. Rd3 Rh1 43. Re3 Rxh4+ 44. Kg3 Rh1 45. Re6 Kg5 46. Rxc6 h4+ 47. Kg2 Rc1 48. Rc5 f5 49. Rxd5 Rc2+ 50. Kh3 Rxc3 51. Rxb5 Rxf3+ 52. Kg2 Kg4 53. Rb8 h3+ 54. Kg1 Rg3+ 55. Kh1 Rd3 56. b5 Rxd4 57. b6 Rd1+ 58. Kh2 Rd2+ 59. Kh1 Rb2 60. b7 Kf4 61. Kg1 Rg2+ 62. Kf1 Rb2 63. Rh8 Rxb7 64. Rxh3 Rb1+ 65. Kf2 Rb2+ 1/2-1/2

[Event "45th Olympiad Budapest 2024"]
[Site "Budapest"]
[Date "2024.09.19"]
[Round "8"]
[Board "3"]
[White "Dominguez Perez, Leinier"]
[Black "Maurizzi, Marc`andria"]
[Result "1/2-1/2"]
[WhiteElo "2748"]
[BlackElo "2595"]
[PlyCount "103"]
[EventDate "2024.09.11"]
[EventType "team-tourn"]
[EventRounds "11"]
[EventCountry "HUN"]
[WhiteTeam "United States of America"]
[BlackTeam "France"]
[BlackTeamCountry "FRA"]

1. e4 e5 2. Nf3 Nc6 3. Bc4 Nf6 4. d3 d5 5. exd5 Nxd5 6. O-O Be7 7. Re1 f6 8. c3 Bg4 9. h3 Bh5 10. a4 a6 11. Nbd2 $146 ({RR} 11. a5 Qd6 12. d4 exd4 13. cxd4 Bf7 14. Nc3 O-O 15. Nxd5 Bxd5 16. Bf4 Qd7 17. Qb3 Bxc4 18. Qxc4+ Rf7 19. d5 Na7 20. Nd4 Rd8 21. Ne6 Qxd5 22. Qe2 Rc8 23. Nxc7 Qf5 24. g4 Qxf4 25. Nd5 Qe5 {½-½ Rasulov,V (2539)-Saydaliev,S (2453) TCh-TUR 1st League 2024 (8.7)}) 11... O-O 12. Ne4 Bf7 13. b4 Kh8 14. Bd2 Qd7 15. a5 Nd8 16. Qb3 b5 17. axb6 cxb6 18. Qa4 Nc6 19. b5 axb5 20. Qxb5 Rab8 21. Qa4 Nc7 22. Bxf7 Rxf7 23. Rad1 b5 24. Qc2 b4 25. cxb4 Bxb4 26. d4 exd4 27. Bxb4 Nxb4 28. Qc4 Qd5 29. Rxd4 Qxc4 30. Rxc4 Nbd5 31. Rd1 Re7 32. Nc5 Rbe8 33. Nd3 Re4 34. Rc5 R4e7 35. Rb1 Kg8 36. Nd4 Rd7 37. Rb7 Ree7 38. Nf5 Rf7 39. Rb8+ Rf8 40. Rb7 Rff7 41. Kh2 Ne7 42. Rcxc7 Rxc7 43. Nh6+ gxh6 44. Rxc7 Ng6 45. Rc6 Kg7 46. Nc5 Re7 47. Ne6+ Kf7 48. Nd4 Rd7 49. Rc4 Ne5 50. Ra4 Nd3 51. f3 Nb2 52. Rb4 1/2-1/2

[Event "45th Olympiad Budapest 2024"]
[Site "Budapest"]
[Date "2024.09.19"]
[Round "8"]
[Board "4"]
[White "Lagarde, Maxime"]
[Black "Aronian, Levon"]
[Result "0-1"]
[WhiteElo "2598"]
[BlackElo "2729"]
[PlyCount "78"]
[EventDate "2024.09.11"]
[EventType "team-tourn"]
[EventRounds "11"]
[EventCountry "HUN"]
[WhiteTeam "France"]
[BlackTeam "United States of America"]
[WhiteTeamCountry "FRA"]

1. e4 e6 2. d4 d5 3. Nc3 Nf6 4. Bg5 dxe4 5. Nxe4 Be7 6. Bxf6 gxf6 7. Nc3 Nc6 8. Nge2 a6 9. g3 e5 10. d5 Na7 11. Qd3 Qd6 $146 ({RR} 11... Bg4 12. h3 Bh5 13. f4 exf4 14. gxf4 Bxe2 15. Bxe2 Qd6 16. Qe3 Qc5 17. Qxc5 Bxc5 18. Ne4 Be7 19. Rg1 Nb5 20. Bxb5+ axb5 21. Ke2 Ra4 22. Kf3 f5 23. Ng3 h5 24. Nxf5 Bf6 25. c3 b4 26. cxb4 {½-½ Stefansson,H (2481)-Ragnarsson,D (2337) Reykjavik Open 2024 (9.18)}) 12. O-O-O f5 13. h4 Bd7 14. Bh3 e4 15. Qe3 Nb5 16. f3 Nxc3 17. Nxc3 Rg8 18. fxe4 Rxg3 19. Qd4 Bf6 20. e5 Bxe5 21. Rde1 f6 22. Qf2 Rxc3 23. bxc3 O-O-O 24. Bxf5 Qa3+ 25. Kd1 Qxa2 26. Rh3 Bxf5 27. Qxf5+ Kb8 28. Rd3 Bxc3 29. Rf1 Qb1+ 30. Ke2 Qxc2+ 31. Kf3 Rg8 32. Rf2 Qb1 33. Qxh7 Qh1+ 34. Kf4 Be5+ 35. Kf5 Qg1 36. Ke6 Qg4+ 37. Rf5 Bd6 38. Rdf3 Re8+ 39. Kxf6 Rf8+ 0-1

[Event "45th Olympiad Budapest 2024"]
[Site "Budapest"]
[Date "2024.09.19"]
[Round "8"]
[Board "1"]
[White "Wei, Yi"]
[Black "Deac, Bogdan-Daniel"]
[Result "1/2-1/2"]
[WhiteElo "2762"]
[BlackElo "2680"]
[PlyCount "143"]
[EventDate "2024.09.11"]
[EventType "team-tourn"]
[EventRounds "11"]
[EventCountry "HUN"]
[WhiteTeam "China"]
[BlackTeam "Romania"]
[WhiteTeamCountry "CHN"]
[BlackTeamCountry "ROU"]

1. e4 e5 2. Nf3 Nc6 3. Bc4 Bc5 4. c3 Nf6 5. d3 d6 6. Bg5 h6 7. Bh4 a6 8. Nbd2 Qe7 9. b4 Ba7 10. O-O g5 11. Bg3 Nd7 12. a4 Nf8 13. Kh1 ({RR} 13. b5 Na5 14. Bd5 c6 15. Ba2 Ng6 16. Rb1 axb5 17. axb5 cxb5 18. Rxb5 Nc6 19. Bd5 h5 20. h3 g4 21. hxg4 hxg4 22. Nh2 Nf4 23. d4 Nh5 24. Nb3 Nd8 25. Ra5 Nxg3 26. fxg3 Qg5 27. Re1 Nc6 {1-0 So,W (2776)-Carlsen,M (2864) Norway Chess Armageddon 10th rapid 2022 (2)}) ({RR} 13. b5 Nd8 14. bxa6 bxa6 15. d4 Ng6 16. dxe5 dxe5 17. h3 h5 18. Bd5 c6 19. Ba2 g4 20. hxg4 Bxg4 21. Nc4 O-O 22. Qd3 Bb8 23. Ne3 Bxf3 24. Nf5 Qg5 25. Qxf3 Ne6 26. Rfd1 h4 27. Bh2 Ngf4 {1-0 Ilinca,F (2386)-Auribault,L (2081) 32nd EY Open U14 2024 (2.4)}) ({RR} 13. b5 Na5 14. Bd5 Ng6 15. bxa6 c6 16. axb7 Bxb7 17. Ba2 h5 18. h3 Bc8 19. Kh1 g4 20. Ng1 Nf4 21. h4 Nxd3 22. Nc4 Nxc4 23. Qxd3 Na5 24. f4 gxf3 25. Nxf3 f6 26. Ng5 Bc5 27. Rad1 Ba6 {0-1 Shirov,A (2660)-Deac,B (2680) Titled Tue 4th Jun Late 2024 (8)}) 13... Ng6 14. b5 Na5 15. Ba2 $146 ({RR} 15. Bd5 c6 16. bxc6 bxc6 17. Ba2 h5 18. h3 g4 19. Ng1 Qg5 20. d4 h4 21. Bh2 Nf4 22. Bxf4 Qxf4 23. Ne2 Qh6 24. hxg4 Bxg4 25. f3 Be6 26. Qc2 Rg8 27. Bxe6 Qxe6 28. Qd3 Bb6 29. f4 Bc7 {1-0 Fedorov,A (2447)-Gochelashvili,D (2304) 7th Tamil Nadu IM 2023 (5.5)}) 15... h5 16. h3 g4 17. Ng1 Be6 18. Bh2 Bxa2 19. Rxa2 Qe6 20. Rb2 Bb6 21. Qe2 Rg8 22. bxa6 bxa6 23. Rfb1 Qf6 24. hxg4 hxg4 25. Qxg4 Ke7 26. Qf3 Qh8 27. g3 Qh6 28. Qf5 Rh8 29. Ndf3 f6 30. d4 Qh5 31. Ne2 Rag8 32. Qxh5 Rxh5 33. Kg2 Kd7 34. Nd2 exd4 35. cxd4 Nc6 36. Nf3 Nh4+ 37. Nxh4 Rxh4 38. f3 Bxd4 39. Nxd4 Nxd4 40. Bg1 Ne6 41. Be3 Rh7 42. Rb8 Rxb8 43. Rxb8 Rh5 44. Rb4 Ra5 45. Rc4 d5 46. exd5 Rxd5 47. Kf2 f5 48. Rh4 Ke7 49. Ke2 Kf7 50. Rb4 Ke7 51. Rc4 Kd7 52. Rh4 Ke7 53. Rh5 Kf7 54. Kf2 Kg6 55. Rh4 Kf7 56. Bc1 Rc5 57. Bd2 Rd5 58. Bc3 Rd3 59. Rc4 Ng5 60. Rxc7+ Ke6 61. Ke2 Rxf3 62. Be1 Ra3 63. Rc6+ Kd5 64. Rxa6 Ne4 65. a5 Nxg3+ 66. Bxg3 Rxg3 67. Rb6 Ra3 68. a6 Kc5 69. Rf6 Kb5 70. Rxf5+ Kxa6 71. Rf3 Rxf3 72. Kxf3 1/2-1/2

[Event "45th Olympiad Budapest 2024"]
[Site "Budapest"]
[Date "2024.09.19"]
[Round "8"]
[Board "2"]
[White "Shevchenko, Kirill"]
[Black "Yu, Yangyi"]
[Result "0-1"]
[WhiteElo "2673"]
[BlackElo "2703"]
[PlyCount "116"]
[EventDate "2024.09.11"]
[EventType "team-tourn"]
[EventRounds "11"]
[EventCountry "HUN"]
[WhiteTeam "Romania"]
[BlackTeam "China"]
[WhiteTeamCountry "ROU"]
[BlackTeamCountry "CHN"]

1. e4 e5 2. Nf3 Nc6 3. Bb5 Nf6 4. d3 Bc5 5. c3 O-O 6. O-O d6 7. Nbd2 Bb6 8. Nc4 Ne7 9. Ba4 Ng6 10. Re1 Be6 11. Nxb6 axb6 12. Bc2 c5 13. h3 h6 14. a3 d5 15. d4 $146 ({RR} 15. exd5 Qxd5 16. Be3 Rad8 17. d4 exd4 18. cxd4 c4 19. Bxg6 fxg6 20. Ne5 Bf5 21. Rc1 b5 22. f3 Nd7 23. Bf2 Rfe8 24. Nxd7 Rxe1+ 25. Qxe1 Qxd7 26. Qd2 Bd3 27. Re1 Re8 28. Rxe8+ Qxe8 29. Bg3 Qe2 {½-½ Nepomniachtchi,I (2770)-Lazavik,D (2572) Chess.com Classic Div 1 W 2024 (1.4)}) 15... exd4 16. e5 Ne4 17. cxd4 f5 18. exf6 Qxf6 19. Bxe4 dxe4 20. Rxe4 Rad8 21. b4 Bf5 22. Re1 cxd4 23. Bb2 Bxh3 24. Bxd4 Qf5 25. gxh3 Qxh3 26. Re3 Nf4 27. Ne1 Qf5 28. Kh2 Rd5 29. Ra2 Ne6 30. Rd2 Qf4+ 31. Rg3 Nxd4 32. Qg4 Qxg4 33. Rxg4 Rfd8 34. Kg2 b5 35. Nc2 Nf5 36. Re2 Rf8 37. Rge4 Rd3 38. Ne3 Rxa3 39. Nxf5 Rxf5 40. Re8+ Kh7 41. R2e3 Ra6 42. R8e4 Rg6+ 43. Rg3 Rgf6 44. f3 Rf4 45. Re7 Rg6 46. Rxb7 Rxb4 47. Rxg6 Kxg6 48. Kg3 Kf6 49. Rb6+ Kf5 50. Rd6 Rb1 51. Rc6 b4 52. Rc5+ Ke6 53. f4 b3 54. Rb5 g5 55. Rb6+ Kf5 56. Rb5+ Ke4 57. f5 b2 58. Kg2 Re1 0-1

[Event "45th Olympiad Budapest 2024"]
[Site "Budapest"]
[Date "2024.09.19"]
[Round "8"]
[Board "3"]
[White "Bu, Xiangzhi"]
[Black "Lupulescu, Constantin"]
[Result "1/2-1/2"]
[WhiteElo "2693"]
[BlackElo "2590"]
[PlyCount "133"]
[EventDate "2024.09.11"]
[EventType "team-tourn"]
[EventRounds "11"]
[EventCountry "HUN"]
[WhiteTeam "China"]
[BlackTeam "Romania"]
[WhiteTeamCountry "CHN"]
[BlackTeamCountry "ROU"]

1. Nf3 {Krasenkow,Michal} c5 2. c4 Nc6 3. Nc3 Nf6 4. e3 e6 5. d4 d5 6. a3 a6 7. dxc5 Bxc5 8. b4 Ba7 9. Bb2 O-O 10. h3 ({RR} 10. Qc2) ({RR} 10. Be2) ({RR} 10. c5 Qe7 11. Qb3 Rd8 12. Rd1 b6 13. cxb6 Bxb6 14. Be2 Ba7 15. O-O Bb7 16. Na4 Ne4 17. Nd2 Nxd2 18. Rxd2 d4 19. Nc5 dxe3 20. Rxd8+ Rxd8 21. Qxe3 e5 22. Bf3 a5 23. Bc3 f6 24. h3 axb4 {½-½ Polak,T (2523)-Avdic,F (2229) 35th Czech Open A 2024 (2.3)}) 10... Qe7 ({RR} 10... h6 11. Rc1 Re8 12. Bd3 dxc4 13. Bxc4 Qxd1+ 14. Rxd1 b5 15. Bd3 Bb7 16. Ke2 ({RR} 16. Ne4 Nxe4 17. Bxe4 Red8 18. O-O ({RR} 18. Rc1 Nxb4 19. Bxb7 Nd3+ 20. Ke2 Rab8) 18... f6) 16... Kf8 17. Rhg1 Rad8 18. Bb1 Ne7 19. Nd2 Bb6 ({RR} 19... Rd7 20. g4 Red8) 20. g4 Ned5 21. Nxd5 Nxd5 ({RR} 21... Rxd5 22. h4 h5 23. g5 Ng4 24. Nb3 Red8 25. Rxd5 Bxd5 26. Nd2 Bb7 27. Bc3 Rc8 28. Rc1 Ne5) 22. Nb3 f6 23. Bg6 Re7 24. Rc1 Red7 25. Rgd1 {1-0 So,W (2822)-Karjakin,S (2783) Gashimov Memorial 4th 2017 (6)}) ({RR} 10... dxc4 11. Bxc4 b5 12. Bd3 Bb7 13. O-O Qe7 14. Rc1 Rfd8 15. Qe2 Rac8 16. Ne4 Nd7) ({RR} 10... Re8) 11. cxd5 ({RR} 11. Qc2 Rd8 12. Rd1 h6 ({RR} 12... d4) 13. cxd5 exd5 14. Ne2 Be6 15. Ned4 Rac8 16. Qb3 Ne4) 11... Rd8 12. Bd3 $146 ({RR} 12. Be2 exd5 13. Na2 Ne4 14. Nd4 Qg5 15. Bf3 Ne5 16. Rc1 b5 17. h4 Qe7 18. Nc3 Bb7 19. Nce2 Nc4 20. Rc2 Nxb2 21. Rxb2 Rac8 22. g3 Rc4 23. O-O Bc8 24. Rc2 Bb7 25. Qd3 g6 26. Kg2 Bb6 {1-0 Gregor,J (2235)-Novak,P (2235) CZE-chTJ 0001 2000 (3)}) 12... exd5 13. Ne2 Ne4 14. O-O Bf5 15. Ned4 Nxd4 16. Nxd4 Bg6 17. Rc1 Nd6 18. Qb3 Bxd4 19. Bxd4 Bxd3 20. Qxd3 Nc4 21. Rfe1 b5 22. e4 dxe4 23. Rxe4 Qg5 24. Rce1 h5 25. f4 Qh6 26. f5 Nd2 27. R4e2 Nb3 28. Bxg7 Qb6+ 29. Qe3 Qxe3+ 30. Rxe3 Kxg7 31. f6+ Kxf6 32. Rf1+ Kg7 33. Rg3+ Kf8 34. Rxb3 Rd5 35. Rbf3 Ra7 36. Rf5 Rd3 37. R1f3 Rxf3 38. Rxf3 Kg7 39. Rc3 Rd7 40. Rc6 Rd3 41. Rxa6 f6 42. Ra5 Kg6 43. h4 Rc3 44. Kf2 Rb3 45. Rxb5 Rxa3 46. Rd5 Ra4 47. Rd4 Ra2+ 48. Kf3 Rb2 49. Ke4 Rxg2 50. Kd5 Kf5 51. b5 Rb2 52. Kc6 Rc2+ 53. Kd6 Rb2 54. Kc5 Ke5 55. Rd5+ Ke4 56. Rxh5 f5 57. Rh8 Rc2+ 58. Kb4 Rb2+ 59. Kc4 f4 60. h5 f3 61. h6 Rc2+ 62. Kb4 Rh2 63. Re8+ Kd3 64. Rf8 Ke2 65. Re8+ Kd3 66. Rf8 Ke2 67. Re8+ 1/2-1/2

[Event "45th Olympiad Budapest 2024"]
[Site "Budapest"]
[Date "2024.09.19"]
[Round "8"]
[Board "4"]
[White "Parligras, Mircea-Emilian"]
[Black "Wang, Yue"]
[Result "1/2-1/2"]
[WhiteElo "2537"]
[BlackElo "2637"]
[PlyCount "67"]
[EventDate "2024.09.11"]
[EventType "team-tourn"]
[EventRounds "11"]
[EventCountry "HUN"]
[WhiteTeam "Romania"]
[BlackTeam "China"]
[WhiteTeamCountry "ROU"]
[BlackTeamCountry "CHN"]

1. d4 Nf6 2. c4 e6 3. Nf3 d5 4. Nc3 Bb4 5. Bg5 h6 6. Bxf6 Qxf6 7. e3 O-O 8. Rc1 Nc6 9. Be2 ({RR} 9. Qb3 a5 10. a3 a4 11. Qc2 Ba5 12. cxd5 exd5 13. Be2 Bf5 14. Qd1 Ne7 15. O-O Bxc3 16. Rxc3 Qb6 17. b4 axb3 18. Rxb3 Qa7 19. Qd2 b6 20. Rc1 c5 21. dxc5 bxc5 22. Rbc3 c4 23. Nd4 Bg6 {½-½ Radjabov,T (2765)-Aronian,L (2781) Carlsen Inv Prelim rapid 2021 (4)}) 9... dxc4 10. Bxc4 Bxc3+ $146 ({RR} 10... e5 11. O-O Bxc3 12. bxc3 Bg4 13. h3 Bh5 14. Bd5 Rad8 15. Bxc6 bxc6 16. g4 e4 17. Ne5 Bg6 18. f4 exf3 19. Qxf3 Qe6 20. Qxc6 Qxa2 21. Rf2 Qa5 22. Rcf1 Rd6 23. Qc4 Kh7 24. Nxf7 Rb6 25. Ra2 {1-0 Livaic,L (2507)-Grover,S (2504) Titled Tuesday intern op 5th May blitz 2020 (7)}) ({RR} 10... e5 11. O-O Bxc3 12. bxc3 Bg4 13. Be2 Rad8 14. Re1 Rfe8 15. Qa4 e4 16. Nd2 Bxe2 17. Rxe2 a6 18. Rb1 b5 19. Qc2 Qe6 20. c4 bxc4 21. Qxc4 Qxc4 22. Nxc4 Ne7 23. Reb2 Nd5 24. Rb3 Re6 25. Na5 {½-½ Mamedov,E (2321)-Palczert,M (2282) Vezerkepzo GM New Year 2024 (9.5)}) ({RR} 10... e5 11. d5 e4 12. dxc6 exf3 13. Qxf3 Qxf3 14. gxf3 bxc6 15. Ke2 Bd6 16. Ne4 Rd8 17. Rhd1 Kf8 18. Bd3 Rb8 19. b3 Rb6 20. Nc5 Ke7 21. h4 h5 22. f4 Bxc5 23. Rxc5 Rd5 24. Rdc1 Kd6 25. R5c3 {1-0 Roselli Mailhe,B (2409)-Berkovich,M (2372) Wch Seniors 50 25th 2015 (4)}) ({RR} 10... e5 11. dxe5 Nxe5 12. Nxe5 Qxe5 13. O-O c6 14. Qf3 Bd6 15. g3 Bh3 16. Rfd1 Rad8 17. Rd4 Bf5 18. Ne2 Bc5 19. Re4 Qxe4 {0-1 Iniyan,P (2506)-Iljin,T (2273) Titled Tuesday intern op 30th June blitz 2020 (4)}) 11. bxc3 b6 12. O-O Bb7 13. Bd3 Rfd8 14. Qe2 Qe7 15. Bb1 Na5 16. Ne5 c5 17. Qc2 f5 18. Qe2 Rac8 19. Rcd1 cxd4 20. cxd4 Nc6 21. Nxc6 Bxc6 22. Rfe1 Qb4 23. e4 fxe4 24. Bxe4 Bxe4 25. Qxe4 Qc4 26. a3 Qd5 27. Qg4 Qf5 28. Qg3 Rc4 29. h3 Qf6 30. Re4 Rcxd4 31. Rexd4 Rxd4 32. Qb8+ Kh7 33. Rxd4 Qxd4 34. Qxa7 1/2-1/2

[Event "45th Olympiad Budapest 2024"]
[Site "Budapest"]
[Date "2024.09.19"]
[Round "8"]
[Board "1"]
[White "Le, Quang Liem"]
[Black "Carlsen, Magnus"]
[Result "0-1"]
[WhiteElo "2741"]
[BlackElo "2832"]
[PlyCount "90"]
[EventDate "2024.09.11"]
[EventType "team-tourn"]
[EventRounds "11"]
[EventCountry "HUN"]
[WhiteTeam "Vietnam"]
[BlackTeam "Norway"]
[WhiteTeamCountry "VIE"]
[BlackTeamCountry "NOR"]

1. d4 Nf6 2. c4 e6 3. Nf3 d5 4. Nc3 c6 5. Bg5 Nbd7 6. e3 h6 7. Bh4 Be7 8. Rc1 O-O 9. a3 a6 10. cxd5 ({RR} 10. c5 Ng4 11. Bg3 f5 12. Be2 g5 13. Qd2 Ngf6 14. h4 Ne4 15. Nxe4 fxe4 16. Ne5 gxh4 17. Bf4 Nxe5 18. Bxe5 Bf6 19. Bd6 Rf7 20. f3 Rg7 21. fxe4 Rxg2 22. Qd3 Qe8 23. e5 Bg5 24. Rf1 Bd7 {1-0 Barp,A (2470)-Kobalia,M (2542) Titled Tue 30th Apr Late 2024 (10)}) 10... exd5 ({RR} 10... cxd5 11. Bd3 b5 12. O-O Bb7 13. Nd2 Nb6 14. Qe2 Nc4 15. Nb3 Rc8 16. a4 b4 17. Bxf6 gxf6 18. Ne4 Nxb2 19. Nxf6+ Bxf6 20. Qxb2 Qd6 21. Nc5 Rxc5 22. Qxb4 Rc6 23. Qxb7 Rxc1 24. Rxc1 Qa3 25. Qb1 {1-0 Rapport,R (2735)-Shankland,S (2731) Saint Louis Champions Showdown rapid 2019 (3.5)}) 11. Qc2 $146 ({RR} 11. Bd3 Ne4 12. Bg3 f5 13. Qb3 Kh7 14. Qc2 g6 15. Bf4 g5 16. Be5 g4 17. Nxe4 dxe4 18. Bxe4 Nxe5 19. Nxe5 fxe4 20. h3 gxh3 21. g4 Qd5 22. Rxh3 Bf6 23. f4 Bxe5 24. Rh5 Bxg4 25. Rxe5 Qf7 {0-1 Yates,F-Maroczy,G Karlsbad-04 International Masters 1929 (15)}) ({RR} 11. Bd3 Ne4 12. Bxe7 Qxe7 13. O-O Re8 14. Bxe4 dxe4 15. Nd2 Nf6 16. Na4 Bg4 17. Qb3 Rad8 18. Rfe1 Rd5 19. Rc5 b5 20. Nc3 Rxc5 21. dxc5 Qxc5 22. Qc2 Qg5 23. Ne2 c5 24. Nf4 Qe5 25. h3 g5 {0-1 Bogoljubow,E-Tartakower,S Bled International 1931 (26)}) ({RR} 11. Bd3 Ne4 12. Bg3 Nxg3 13. hxg3 Re8 14. Bb1 {½-½ Hardicsay,P (2307)-Lengyel,B (2333) Balatonlelle IM 2004 (1)}) 11... Ne8 12. Bg3 Bd6 13. Bd3 Bxg3 14. hxg3 Ndf6 15. Ne5 Nd6 16. f3 Re8 17. Ne2 Nd7 18. Rh5 f6 19. Nxd7 Bxd7 20. Kf2 f5 21. Re1 Rxe3 22. Kxe3 Qe8+ 23. Kf2 Qxh5 24. Qc5 Qg6 25. Qb6 Qf6 26. Qc7 Be8 27. Nf4 Rc8 28. Qxc8 Nxc8 29. Rxe8+ Kf7 30. Rxc8 Qxd4+ 31. Kf1 g5 32. Rf8+ Ke7 33. Ng6+ Kd6 34. Bxf5 Qxb2 35. f4 Qxa3 36. Kf2 a5 37. Ne5 a4 38. Rf7 Qb2+ 39. Kf1 Qb5+ 40. Bd3 Qb3 41. Bf5 a3 42. Nd3 Qxd3+ 43. Bxd3 a2 44. Rxb7 a1=Q+ 45. Ke2 Qg1 0-1